| 000 | 01672cam a2200481 a 4500 | ||
|---|---|---|---|
| 001 | 20627 | ||
| 003 | VRT | ||
| 005 | 20260128110016.0 | ||
| 008 | 240318s2017 xo g n 000 0 slo | ||
| 015 | _aSNBA2017/06 | ||
| 020 |
_a9788081281815 _q(viaz.) |
||
| 035 | _aurn:nbn:sk:snk-am00d5mf | ||
| 035 | _aurn:nbn:sk:snk-am3hqhg | ||
| 035 | _a23BF745C-C011-4073-B4F4-FDEDC58E9A1A | ||
| 039 | 9 |
_a202403182147 _bVLOAD _c202306291457 _dVLOAD _c202306291412 _dVLOAD _c202306231253 _dAUTHORITY |
|
| 040 |
_aSNK _bslo _cSNK _eAACR2 |
||
| 041 | 0 | _aslo | |
| 044 |
_axo _cSK |
||
| 072 | 7 |
_a321 _xPolitológia _2konspekt |
|
| 080 |
_a321.01 _22011 |
||
| 080 |
_a321 _22011 |
||
| 080 |
_a(048.8) _22011 |
||
| 100 | 1 |
_aKlenko, Marián, _d1978- _4aut |
|
| 245 | 1 | 0 |
_aPolitika bez moci _bskutočný obraz reality _cMarián Klenko |
| 260 |
_aMartin _bMatica slovenská _c2017 |
||
| 300 |
_a120 s. _c22 cm |
||
| 504 | _aBibliogr. na s. 113-120. Bibliogr. odkazy | ||
| 650 | 0 | 7 |
_apolitická moc _2SNKPH |
| 650 | 0 | 7 |
_apolitológia _2SNKPH |
| 650 | 0 | 7 |
_aPolitical power _2SNKPHeng |
| 650 | 0 | 7 |
_aPolitical science _2SNKPHeng |
| 655 | 7 |
_amonografie _2SNKPH |
|
| 655 | 7 |
_aMonographs _2SNKPHeng |
|
| 942 |
_2ddc _cOLDO _n0 |
||
| 949 |
_6273K0611701 _asvkpoB 99849 _bsvkpo607331 |
||
| 949 |
_6270001000559885 _asvkbbA 150671 _bsvkbbm 768167 |
||
| 949 |
_617A1259000 _asnkSC 174651 _bsnk2017/11683 _o1095/17 _s6100:20170613 |
||
| 949 |
_617A1259001 _asnkSC 174651 D1 _bsnk2017/11684 _o1095/17 |
||
| 949 |
_62889326723 _asavukM 119138 _bsavuk2017/2270 |
||
| 949 |
_6273K0620774 _asvkpoB 102227 _bsvkpo617012 |
||
| 999 |
_c20627 _d20627 |
||